Las Hachas de bronce en Cataluña / por Francisco Martí Jusmet
Descripción Física:
p. 105-151 : il. ; 27 cm
Colección:
Monografías ; 36
MARC
| LEADER | 00000nam a2200000Ia 4500 | ||
|---|---|---|---|
| 001 | 7769 | ||
| 008 | 160829s1970 xx 000 0 cat d | ||
| 080 | |a FU-21-27 | ||
| 100 | 1 | |a Martí i Jusmet, Francesc, |d 1946- |9 33117 | |
| 245 | |a Las Hachas de bronce en Cataluña / por Francisco Martí Jusmet | ||
| 260 | |a Barcelona : |b Diputación. Instituto de Prehistoria y Arqueología, |c 1970 | ||
| 300 | |a p. 105-151 : |b il. ; |c 27 cm | ||
| 490 | |a Monografías ; 36 | ||
| 590 | |a Separata d'Ampurias ; 31-32 | ||
| 650 | |a Armes primitives |x Catalunya |9 32260 | ||
| 650 | |a Utensilis de bronze |x Catalunya |9 32261 | ||
| 710 | 2 | |a Instituto de Prehistoria y Arqueología (Barcelona, Catalunya) |9 54255 | |
| 901 | |a Arxiu | ||
| 942 | |n 1 |2 udc | ||
| 952 | |0 0 |1 0 |4 0 |6 FU2127 |7 1 |9 45924 |a Arxiu |b Arxiu |d 2016-12-01 |l 0 |o FU-21-27 |p 7769 |r 2016-12-01 00:00:00 |w 2016-12-01 |y ARXIU | ||
| 999 | |c 49425 |d 49425 | ||